header

The security dilemmas of Southeast Asia (Record no. 75035)

MARC details
000 -LEADER
fixed length control field 01112nam a2200289Ia 4500
100 1# - MAIN ENTRY--AUTHOR NAME
Personal name Collins, Alan.
245 14 - TITLE STATEMENT
Title The security dilemmas of Southeast Asia
260 ## - PUBLICATION, DISTRIBUTION, ETC. (IMPRINT)
Place of publication New York, N.Y. :
Name of publisher Palgrave Macmillan,
Year of publication 2000.
300 ## - PHYSICAL DESCRIPTION
Number of Pages 250 p.
650 #0 - SUBJECT ADDED ENTRY--TOPICAL TERM
Topical Term Security, International.
856 40 - ELECTRONIC LOCATION AND ACCESS
Uniform Resource Identifier http://site.ebrary.com/lib/rucke/Doc?id=10044071

No items available.

© 2026 Rongo University
Contact us: librarian | system librarian | Rongo university